Digital signal processing for multimedia systems / (Record no. 175722)

000 -LEADER
fixed length control field 01035 a2200253 4500
003 - CONTROL NUMBER IDENTIFIER
control field Nust
005 - DATE AND TIME OF LATEST TRANSACTION
control field 20220818105922.0
010 ## - LIBRARY OF CONGRESS CONTROL NUMBER
LC control number 99017276
020 ## - INTERNATIONAL STANDARD BOOK NUMBER
International Standard Book Number 0824719247 (alk. paper)
040 ## - CATALOGING SOURCE
Transcribing agency Nust
082 ## - DEWEY DECIMAL CLASSIFICATION NUMBER
Classification number 621.3822,DIG
245 00 - TITLE STATEMENT
Title Digital signal processing for multimedia systems /
Statement of responsibility, etc. edited by Keshab K. Parhi, Takao Nishitani.
260 ## - PUBLICATION, DISTRIBUTION, ETC.
Place of publication, distribution, etc. New York :
Name of publisher, distributor, etc. M. Dekker,
Date of publication, distribution, etc. c1999.
300 ## - PHYSICAL DESCRIPTION
Extent xxi, 855 p. :
Other physical details ill. ;
Dimensions 27 cm.
490 1# - SERIES STATEMENT
Series statement Signal processing ;
Volume/sequential designation 1
505 ## - FORMATTED CONTENTS NOTE
Formatted contents note System Applications (Page-1), Programmable and Custom Architectures and Algorithms (Page-225), Advanced Arithmetic Architectures and Design Methodologies (Page-519),
650 #0 - SUBJECT ADDED ENTRY--TOPICAL TERM
Topical term or geographic name entry element Signal processing
General subdivision Digital techniques.
9 (RLIN) 55548
650 #0 - SUBJECT ADDED ENTRY--TOPICAL TERM
Topical term or geographic name entry element Telecommunication engineering
700 1# - ADDED ENTRY--PERSONAL NAME
Personal name Nishitani, Takao.
9 (RLIN) 97952
700 1# - ADDED ENTRY--PERSONAL NAME
Personal name Parhi, Keshab K.,
Dates associated with a name 1959-
9 (RLIN) 97953
830 #0 - SERIES ADDED ENTRY--UNIFORM TITLE
Uniform title Signal processing (Marcel Dekker, Inc.) ;
9 (RLIN) 97954
856 42 - ELECTRONIC LOCATION AND ACCESS
Materials specified Publisher description
Uniform Resource Identifier <a href="http://www.loc.gov/catdir/enhancements/fy0647/99017276-d.html">http://www.loc.gov/catdir/enhancements/fy0647/99017276-d.html</a>
942 ## - ADDED ENTRY ELEMENTS (KOHA)
Koha item type Reference
Source of classification or shelving scheme
Holdings
Withdrawn status Lost status Source of classification or shelving scheme Damaged status Not for loan Permanent Location Current Location Shelving location Date acquired Full call number Barcode Date last seen Price effective from Koha item type Public note
          Military College of Signals (MCS) Military College of Signals (MCS) Reference 12/12/2016 621.3822,DIG MCS28150 12/08/2016 12/12/2016 Reference Almirah No.22, Shelf No.4
© 2023 Central Library, National University of Sciences and Technology. All Rights Reserved.